01269nam a22002297a 4500003000800000008004100008037002000049039003900069040003500108041000800143080001000151100003500161245020100196260013100397300002300528502020700551650010000758655002100858942001500879999001700894952012800911BI-BuBU260623b2025 bd fr|||| 000 0 fre d bDon de l'auteur a20260623083117.0bThacien Mutabazi aBI-BuBUbfrecBI-BuBUdBI-BuBU0 afre a681.31 4aut.aBoribo Kikunda, Philippe10aModélisation et exploration des données académiques des universités du sud-kivu en République Démocratique du Congo à l'aide de l'intelligence artificielle cPhilippe Boribo Kikunda  aBujumburabUniversité du Burundi, Ecole Doctorale, Centre de Recherche en Infrastructure, Environnement et Technologiec2025 aXIX-199 f.c30 cm. aThèse présentée et défendue publiquement en vue de l'obtention du grade de docteur en sciences et technologies informatiques. Spécialité : Fouille des données et intelligence artificielle. 72BI-BuBUaInformatiquexDonnées académiques xAnalyse automatiquexIntelligence artificielle 72BI-BuBUaThèse 2udccTHESE c54064d54064 00102udc4071985928aBCbBCd2026-06-23eDon de l'auteurl0o681.3 BOR.p5010000483890r2026-06-23t1w2026-06-23yTHESE